Türk yükseköğretiminde on yıl 1981-1991 (Record no. 6629)

MARC details
000 -BAŞLIK
Sabit Uzunlukta Kontrol Alanı 00687na a2200229 4500
001 - KONTROL NUMARASI
Denetim Alanı 20063
003 - KONTROL NUMARASI IDENTIFIER
Denetim Alanı MIRAKIL
005 - SON İŞLEM TARİHİ VE ZAMANI
Denetim Alanı 20181213155114.0
008 - SABİT-BOY VERİ ELEMANLARI - GENEL BİLGİLER
Sabit Uzunlukta Kontrol Alanı 170103b tu 000 0
040 ## - KATALOGLAMA KAYNAK
Orijinal Kataloglama Ajansı Milas
Kataloglama Dili tur
Metne Dönüştürmek Ajansı TR-AnCHP
041 ## - DİL KODU
Metin / Ses Parça Veya Ayrı Başlığın Dil Kodu tur
082 ## - DEWEY ONLU SINIFLANDIRMA NUMARASI
Sınıflandırma Numarası 378.09561
Ürün Numarası T96 1991
090 ## - SINIFLAMA NUMARASI
Sınıflama Numarası 378.09561 T96 1991
245 ## - BAŞLIK TABLOSU
Başlık Türk yükseköğretiminde on yıl 1981-1991
Başlığın Kalan 1981 reformu ve sonuçları
Sorumluluk Tablosu, Vb [YÖK]
260 ## - YAYIN, DAĞITIM, VB
Yayın, Dağıtım, Vb Yeri Ankara
Yayıncı, Dağıtıcı, Vs Adı YÖK
Yayın, Dağıtım, Vb Tarihi 1991
300 ## - FİZİKSEL TANIM
Kapsam 33 s.
Boyutlar 27 sm.
610 ## - KONU KATMA GİRİŞ - TOPLANTI ADI
Giriş Elemanı Olarak Kurumsal Ad Veya Yargı Alanı Adı Yükseköğretim Kurulu
Genel Alt Bölüm Kuruluş kanunu
650 ## - KONU KATMA GİRİŞ - TOPİKAL DÖNEM
Topikal Süreli Veya Coğrafi Ad Giriş Elemanı Yüksek öğretim
Genel Alt Bölümü Reformlar
651 ## - KONU KATMA GİRİŞ - COĞRAFİ ADI
Coğrafi İsim Türkiye
Genel Alt Bölümü Yükseköğretim Kanunu, 1981
710 ## - KATMA GİRİŞ - KURUMSAL ADI
Giriş Elemanı Olarak Kurumsal Ad Veya Yargı Alanı Adı Yükseköğretim Kurulu
942 ## - EKLENDİ GİRİŞ ELEMANLARI (KOHA)
Sınıflandırma Veya Raf Düzeni Kaynak Dewey Decimal Classification
Koha Öğesi Türü Books
999 ## - SİSTEM KONTROL NUMARALARI (KOHA)
Koha Biblionumber 6629
Koha Biblioitemnumber 6629
Holdings
Kalıcı Konum Mevcut Konum Edinme Tarihi Edinim Kaynak Toplam Check-Out'Lar Tam Çağrı Numarası Barkod Tarih Son Görülme İtibaren Geçerli Fiyatlar Koha Öğesi Türü Kopya Sayısı
CHP Kütüphanesi CHP Kütüphanesi 01/03/2017 Bağış   378.09561 T96 1991 010429 01/03/2017 01/03/2017 Books  
CHP Kütüphanesi CHP Kütüphanesi 01/03/2017 Bağış   378.09561 T96 1991 010430 01/03/2017 01/03/2017 Books k.2